000 00289nam a2200121Ia 4500
008 241002s9999 xx 000 0 und d
082 _a599.88 KOH
100 _aKohler, Wifgang
245 4 _aThe Mentality of A Pes
260 _aNew York:
_c1956
600 _aNatural Science
942 _cUC
999 _c18729
_d18729